Oyayi : (Record no. 4925)

MARC details
000 -LEADER
fixed length control field 00656nam a22002057a 4500
003 - CONTROL NUMBER IDENTIFIER
control field OSt
005 - DATE AND TIME OF LATEST TRANSACTION
control field 20251020025347.0
008 - FIXED-LENGTH DATA ELEMENTS--GENERAL INFORMATION
fixed length control field 251020b |||||||| |||| 00| 0 eng d
020 ## - INTERNATIONAL STANDARD BOOK NUMBER
International Standard Book Number 971-506-264-4
040 ## - CATALOGING SOURCE
Original cataloging agency DWCL- Main Lib
Transcribing agency OC
082 ## - DEWEY DECIMAL CLASSIFICATION NUMBER
Classification number Fil. 899.211 R621o 2004
100 ## - MAIN ENTRY--PERSONAL NAME
Personal name Rivera, Frank G.
245 ## - TITLE STATEMENT
Title Oyayi :
Remainder of title Sarswela ng pamilyang Pinay/
Statement of responsibility, etc. Frank G. Rivera
260 ## - PUBLICATION, DISTRIBUTION, ETC.
Place of publication, distribution, etc. Manila, Philippines :
Name of publisher, distributor, etc. UST Publishing House,
Date of publication, distribution, etc. c2004.
300 ## - PHYSICAL DESCRIPTION
Extent Ixxxix, 235 pages :
Other physical details illustrations ;
Dimensions 23cm.
650 ## - SUBJECT ADDED ENTRY--TOPICAL TERM
Source of heading or term 1.Philippine literature in tagalog
700 ## - ADDED ENTRY--PERSONAL NAME
Personal name Felix P. Tapongot
700 ## - ADDED ENTRY--PERSONAL NAME
Personal name Louela B. Floresca
942 ## - ADDED ENTRY ELEMENTS (KOHA)
Source of classification or shelving scheme Dewey Decimal Classification
Koha item type Book-Filipiniana
Call number prefix Fil
Suppress in OPAC No
952 ## - LOCATION AND ITEM INFORMATION (KOHA)
--
Holdings
Withdrawn status Lost status Source of classification or shelving scheme Damaged status Not for loan Home library Current library Shelving location Date acquired Source of acquisition Cost, normal purchase price Total Checkouts Full call number Barcode Date last seen Copy number Price effective from Koha item type Uniform Resource Identifier
    Dewey Decimal Classification     Junior High School Library Junior High School Library Filipiniana 01/15/2025 School Fund 215.00   899.211 R621o 2004 21433 10/20/2025 c1 09/05/2030 BK - FIL